000 00976nam a22002417a 4500
999 _c18826
_d18826
003 AR-CdUCM
008 190515b ||||| |||| 00| 0 spa d
040 _aMUNICIPALIDAD PROVINCIAL DEL CUSCO
_cBIBLIOTECA MUNICIPAL DEL CUSCO
082 _a373.4 /
_bB83
100 _aBriggs, Leslie J.
_939507
245 _aLos medios de la instrucción /
260 _aBuenos Aires :
_bGuadalupe,
_c1973.
300 _a164 páginas ;
_c23 cm.
505 _aContenido: El problema y un plan para una solución -- Un procedimiento para la elección de medios didácticos -- Ilustración del procedimiento de análisis para un grupo de objetivos tomados de un curso de ciencia elemental...
650 _aMedios de instrucción
_939665
650 _aLiteratura de medios
_939666
650 _aMedios didácticos
_939667
700 _aCampeau, Peggie L.
_939668
700 _aGagné, Robert M.
_939669
700 _aMay, Mark A.
_939670
942 _2ddc
_cLIBROS
945 _aacv
_d2019-05-15